000 00441nam a2200181Ia 4500
005 20230327102810.0
008 131103s9999 xx 000 0 und d
040 _aLoreto College
041 _aEnglish
082 _a822.91
_bPOL
100 _aPoliakoff, Stephen
245 _aBreaking the silence
_cStephen Poliakoff
260 _aLondon
_bMetheu
_c1986
300 _a101p.
650 _aEnglish play
850 _aLCLIB
942 _cBK
999 _c22135
_d72614